00974nam a2200241 a 450000100060000000300080000600500170001400800410003103500510007204000310012304100080015408200200016224501710018225000260035326001010037930000340048050000810051450400390059565000290063465000270066370000200069070000220071035261BD-RjUL20211209052304.0140522r19671957enka b 001 0 eng d a(BD-RjUL)35355aOCLC ocm04790315 from D970917M aDLC/ICUcCGUdBD-RjULbeng aeng0 a519.5bSTA 196700aStatistical methods in research and production :bwith special reference to the chemical industry /cedited by Owen L. Davies ; authors: George E.P. Box ... [et al.]. a3d ed., rev. and enl. aLondon :bPublished for Imperial Chemical Industries by Oliver and Boyd,c1957 [Reprinted 1967]. ax, 396 p. :billus. ;c26 cm. aContinued by the editor's The design and analysis of industrial experiments. aIncludes bibliographies and index. 0aMathematical statistics. 0aIndustrial statistics.1 aDavies, Owen L.1 aBox, George E. P.